| 000 | 01004nam0a22003011 4500 | ||
|---|---|---|---|
| 001 | v19\rc\1522850 | ||
| 005 | 20250618172426.0 | ||
| 035 | _a(NLR Aleph) 004644781 | ||
| 090 |
_a3342674 _c3342674 |
||
| 100 | _a20060620d1886 |||y0rusy50 ca | ||
| 101 | 0 | _arus | |
| 102 | _aRU | ||
| 105 | _ay z ||||| | ||
| 200 | 1 | _aЗначение зерноподъемов (элеваторов) в хлебной торговле | |
| 210 |
_aСанкт-Петербург _cтипо-лит. В.И. Штейн _dценз. 1886 |
||
| 215 |
_a8 с. _d27 |
||
| 300 | _aВ конце текста: А.Ш. | ||
| 309 | _aБез тит. л. и обл. | ||
| 532 | 1 | 3 | _aЗначение зерноподъемов элеваторов в хлебной торговле |
| 701 | 0 | _aА. Ш. | |
| 801 | 0 |
_aRU _bNLR _gpsbo |
|
| 801 | 0 |
_aRU _bRuMoRGB _2psbo |
|
| 801 | 1 |
_aRU _bProSoft-M _2rusmarc |
|
| 852 |
_aNLR _j18.158.1.361 |
||
| 899 |
_aRuMoRGB _jR 446/680 |
||
| 899 |
_aRuMoRGB _jR 446/681 |
||
| 942 | _cBOOK | ||
| 980 | _aNB | ||